Teatro nos colégios dos jesuítas (Registo nº 202836)

Detalhes MARC
000 -Etiqueta do registo
Valores 00772nam 22002053 4500
010 ## - Número ISBN
ISBN 972-31-1168-3
021 ## - Número do Depósito Legal
Código do país Portugal
Número 240474/06
100 ## - Dados gerais de processamento
Dados gerais 20260702d u||y0pory50 ba
200 ## - Titulo e menção de responsabilidade
Título próprio Teatro nos colégios dos jesuítas
Informação de outro título a Tragédia de Acab de Miguel Venegas S. I. e o início de um género dramático (séc. XVI)
Primeira menção de responsabilidade Maria Margarida Lopes de Miranda
210 ## - Publicação
Local de publicação [Lisboa]
Nome do editor Fundação Calouste Gulbenkian
Data de publicação 2006
215 ## - Descrição física 
Paginação / Volumes 573 p.
Outras indicações físicas brochado
Dimensões 23 cm
Material acompanhante CD
225 ## - Colecção 
Título próprio da colecção Textos universitários de ciências sociais e humanas
606 ## - Nome comum usado como assunto
ID Autoridade 3661
Palavra de ordem Crítica Literária.Estudos Literários
675 ## - CDU
Notação 82.09
Edição PT
Língua por
700 ## - Autor principal (pessoa individual)
ID Autoridade 17687
Apelido Miranda
Nome Maria Margarida Lopes de
Datas 1966-
801 ## - Fonte de origem
País PT
Agência BMMN
Regras de catalogação RPC
830 ## - Notas gerais do catalogador
Criado por Vanda
990 ## - Elementos KOHA
Tipo de documento Livro
Exemplares
Situação do levantamento Biblioteca de origem Código de barras Cota Permissão de empréstimo Tipo de documento Forma de aquisição
  Biblioteca Municipal de Montemor-o-Novo 32358 82.09 MIR|DEP   Livro Oferta

Powered by Koha